Länder mit der höchsten Kaffeeproduktion - Statistiken

Allgemein
  • Dieses Quiz wurde 116 mal gespielt
  • Das Durchschnittsergebnis liegt bei 9 aus 15
Antwortstatistiken
Platz Land Produktion in Tonnen % Korrekt
1. Brasilien 3.019.051
93%
3. Kolumbien 745.084
89%
7. Indien 348.000
77%
11. Mexiko 151.714
77%
8. Peru 277.760
75%
13. China 114.339
72%
4. Indonesien 639.305
67%
9. Guatemala 236.145
59%
5. Äthiopien 469.091
56%
6. Honduras 362.367
56%
14. Nicaragua 114.307
54%
2. Vietnam 1.460.800
50%
15. Elfenbeinküste 102.960
32%
12. Laos 136.600
31%
10. Uganda 203.535
31%
Keine übereinstimmenden Quizze gefunden
Verteilung der Resultate
Anzahl Personen mit jedem Resultat
Perzentil nach korrekt beantworteten Fragen
Ihre Resultats-Entwicklung
Sie haben dieses Quiz noch nicht gespielt